000 01185nam a2200277Ia 4500
001 ebr10103421
003 CaPaEBR
006 m u
007 cr cn|||||||||
008 000815s2005 enk s 000 0 eng d
020 _z1845448537
040 _aCaPaEBR
_cCaPaEBR
035 _a(OCoLC)133167268
050 1 4 _aQ360
_b.I63 2005eb
245 0 0 _aIncluding a special section
_h[electronic resource] :
_bissues from multimedia gaming technology /
_ceditor Dr. David Raitt.
260 _aBradford, England :
_bEmerald Group Publishing,
_cc2005.
300 _a113 p.
490 0 _aThe electronic library: the international journal for the application of technology in information environments ;
_vv.23, no. 5
533 _aElectronic reproduction.
_bPalo Alto, Calif. :
_cebrary,
_d2009.
_nAvailable via World Wide Web.
_nAccess may be limited to ebrary affiliated libraries.
650 0 _aInformation theory.
650 0 _aLibrary science.
655 7 _aElectronic books.
_2local
700 1 _aRaitt, David.
710 2 _aebrary, Inc.
856 4 0 _uhttp://site.ebrary.com/lib/rucke/Doc?id=10103421
_zAn electronic book accessible through the World Wide Web; click to view
999 _c102505
_d102505